[Event "OLSW 1819 SC Turm Winterbach - SVG Saar"]
[Site "?"]
[Date "2019.04.07"]
[Round "9.6"]
[White "Robert, Josef"]
[Black "Pernutz, Hans-Gerhard"]
[Result "1/2-1/2"]
[WhiteElo "1977"]
[BlackElo "2044"]
[PlyCount "59"]
[EventDate "2019.??.??"]

1. c4 c5 2. Nc3 Nc6 3. g3 g6 4. Bg2 Bg7 5. e3 e6 6. Nge2 Nge7 7. O-O O-O 8. d4
cxd4 9. Nxd4 a6 10. Rb1 Nxd4 11. exd4 Nf5 12. Be3 d6 13. Qd3 Rb8 14. b4 b6 15.
b5 a5 16. Bc6 Bb7 17. d5 Nxe3 18. Qxe3 e5 19. f3 Bc8 20. g4 f5 21. h3 Qh4 22.
Kg2 Bh6 23. Qe1 Qxe1 24. Rfxe1 Bd2 25. Na4 Bxe1 26. Rxe1 fxg4 27. hxg4 Kf7 28.
Kg3 Ke7 29. Rh1 Rf7 30. Nc3 1/2-1/2

[Event "OLSW 1819 SC Turm Winterbach - SVG Saar"]
[Site "?"]
[Date "2019.04.07"]
[Round "9.7"]
[White "Biehl, Tim"]
[Black "Schuetz, Thomas"]
[Result "1-0"]
[WhiteElo "1974"]
[BlackElo "1891"]
[PlyCount "53"]
[EventDate "2019.??.??"]

1. d4 d5 2. c4 c6 3. Nf3 Nf6 4. Nc3 e6 5. cxd5 exd5 6. Bg5 Be7 7. Qc2 h6 8. Bh4
Be6 9. e3 Nbd7 10. h3 a6 11. Bd3 Rc8 12. O-O g5 13. Bg3 g4 14. hxg4 Bxg4 15.
Ne5 Nxe5 16. Bxe5 Qd7 17. f3 Be6 18. e4 Rg8 19. Rae1 Nh5 20. exd5 cxd5 21. Bh7
Rg5 22. f4 Bf5 23. Bxf5 Rxf5 24. Bd6 Ng3 25. Rxe7+ Qxe7 26. Bxe7 Nxf1 27. Qxf5
1-0

[Event "OLSW 1819 SK Gau-Algesheim - SK Altenki"]
[Site "?"]
[Date "2019.04.07"]
[Round "9.2"]
[White "Karsay, Pascal"]
[Black "Wagener, Claude"]
[Result "0-1"]
[WhiteElo "2285"]
[BlackElo "2252"]
[PlyCount "82"]
[EventDate "2019.??.??"]

1. e4 c5 2. Nf3 e6 3. d4 cxd4 4. Nxd4 Nc6 5. Nc3 d6 6. Be3 Nf6 7. Bc4 Be7 8.
Qe2 O-O 9. O-O-O a6 10. Nxc6 bxc6 11. g4 Nd7 12. f4 Qa5 13. g5 d5 14. Bb3 Nc5
15. Rhf1 Re8 16. Kb1 Qb4 17. Bxc5 Qxc5 18. exd5 exd5 19. Nxd5 cxd5 20. Rxd5 Qc7
21. f5 Bb7 22. Re5 Kf8 23. f6 Bxf6 24. Rxe8+ Rxe8 25. Qh5 g6 26. Qxh7 Bg7 27.
Qxg6 Re7 28. a4 a5 29. Qh5 Be4 30. Qg4 Qb7 31. Ka2 Bxc2 32. Qf3 Bxb3+ 33. Qxb3
Qxb3+ 34. Kxb3 Rb7+ 35. Kc4 Rxb2 36. Rf5 Rb4+ 37. Kc5 Rxa4 38. g6 f6 39. h3 Re4
40. Rf3 Ke7 41. Rg3 f5 0-1

[Event "OLSW 1819 SK Gau-Algesheim - SK Altenki"]
[Site "?"]
[Date "2019.04.07"]
[Round "9.3"]
[White "Heidorn, Oliver"]
[Black "Kling, Felix"]
[Result "0-1"]
[WhiteElo "2126"]
[BlackElo "2138"]
[PlyCount "80"]
[EventDate "2019.??.??"]

1. d4 d5 2. c4 c6 3. cxd5 cxd5 4. Nc3 Nf6 5. Bf4 Nc6 6. e3 Ne4 7. f3 Nxc3 8.
bxc3 g6 9. Bd3 Bg7 10. Ne2 O-O 11. Qd2 e5 12. dxe5 Nxe5 13. Nd4 Nxd3+ 14. Qxd3
Qa5 15. O-O b6 16. Rfc1 Ba6 17. Qd2 Rac8 18. a4 Bc4 19. Bd6 Rfd8 20. Bb4 Qa6
21. Nb5 Rc6 22. Nd4 Rc7 23. h4 Qc8 24. a5 b5 25. a6 Re8 26. Ra5 Qd7 27. Qf2
Bxd4 28. cxd4 Rc6 29. Ra3 Qc7 30. h5 gxh5 31. Qh4 Rg6 32. f4 Kh8 33. Qxh5 Reg8
34. Rc2 f6 35. Raa2 Qg7 36. Rab2 Bd3 37. Rd2 Be4 38. f5 Rh6 39. Qe2 Qg3 40. Qf1
Qh2+ 0-1

[Event "OLSW 1819 SK Gau-Algesheim - SK Altenki"]
[Site "?"]
[Date "2019.04.07"]
[Round "9.4"]
[White "Frede, Lennart"]
[Black "Telke, Holger"]
[Result "1/2-1/2"]
[WhiteElo "2193"]
[BlackElo "2085"]
[PlyCount "127"]
[EventDate "2019.??.??"]

1. e4 e6 2. Nc3 d5 3. Nf3 Nf6 4. exd5 exd5 5. d4 Bd6 6. Bd3 O-O 7. O-O Bg4 8.
Nb5 Ne4 9. Re1 f5 10. h3 Bh5 11. Be2 Bxf3 12. Bxf3 Qh4 13. Bxe4 fxe4 14. Be3
Rf6 15. Qg4 Qxg4 16. hxg4 Nd7 17. g5 Rf5 18. g4 Rf3 19. Kg2 Nf8 20. Nxd6 cxd6
21. Rh1 Rc8 22. Rac1 Ng6 23. Kf1 Rcf8 24. Ke1 Nf4 25. Rh2 Kf7 26. Kd2 Kg6 27.
Rch1 Rf7 28. Rxh7 Ng2 29. R7h2 Rxf2+ 30. Bxf2 Rxf2+ 31. Kd1 e3 32. Rxg2 Rxg2
33. Rh3 Rxg4 34. Rxe3 Rxd4+ 35. Kc1 Re4 36. Rb3 b6 37. Ra3 a5 38. Rd3 Kxg5 39.
Rxd5+ Kf6 40. Rxd6+ Re6 41. Rd8 Kf5 42. Kd2 g5 43. Rf8+ Kg4 44. a3 Kh3 45. Rh8+
Kg3 46. b4 axb4 47. axb4 g4 48. c4 Kf2 49. Rf8+ Kg1 50. Rg8 Re4 51. Kd3 Rf4 52.
c5 b5 53. c6 Rc4 54. Rg5 Kf2 55. Rf5+ Ke1 56. Rc5 g3 57. c7 g2 58. c8=Q g1=Q
59. Rxc4 Qg3+ 60. Kd4 Qf4+ 61. Kd5 Qf7+ 62. Kd4 Qf4+ 63. Kc3 Qc1+ 64. Kd3
1/2-1/2

[Event "OLSW 1819 SK Gau-Algesheim - SK Altenki"]
[Site "?"]
[Date "2019.04.07"]
[Round "9.6"]
[White "Erlekam, Simon"]
[Black "Hoffmann, Thomas"]
[Result "1/2-1/2"]
[WhiteElo "1877"]
[BlackElo "2038"]
[PlyCount "115"]
[EventDate "2019.??.??"]

1. e4 d6 2. d4 g6 3. f4 Bg7 4. Nf3 Nf6 5. Bd3 O-O 6. O-O Nbd7 7. c3 c5 8. e5
Nd5 9. exd6 exd6 10. dxc5 dxc5 11. Bxg6 hxg6 12. Qxd5 Qc7 13. Be3 Re8 14. Re1
Rb8 15. Nbd2 b6 16. Rad1 Nf6 17. Qg5 Be6 18. f5 Nh7 19. Qf4 Qxf4 20. Bxf4 Bxf5
21. Bxb8 Rxb8 22. Re7 a5 23. Rde1 Be6 24. a3 Nf6 25. Ng5 Ba2 26. Nde4 Rd8 27.
Nxf6+ Bxf6 28. Re8+ Kg7 29. Rxd8 Bxd8 30. Ne4 Be6 31. Kf2 Be7 32. g3 b5 33. h4
c4 34. Ke3 b4 35. axb4 axb4 36. cxb4 Bxb4 37. Rc1 Ba5 38. Nd6 Bc7 39. Ne4 Be5
40. Rc2 f5 41. Ng5 Bg8 42. Kf2 Bd4+ 43. Kf1 Be5 44. Kg2 Bd5+ 45. Nf3 Kf6 46.
Kf2 Bc7 47. Nd2 Bb6+ 48. Ke2 Bd4 49. Nxc4 Bxc4+ 50. Rxc4 Bxb2 51. Rc6+ Kf7 52.
Kf3 Be5 53. Ra6 Bb8 54. h5 gxh5 55. Rh6 Kg7 56. Rxh5 Kg6 57. Rh8 Be5 58. Rf8
1/2-1/2

[Event "OLSW 1819 SK Gau-Algesheim - SK Altenki"]
[Site "?"]
[Date "2019.04.07"]
[Round "9.7"]
[White "Krumm, Johannes"]
[Black "Grieb, Lukas"]
[Result "1-0"]
[WhiteElo "2067"]
[BlackElo "1786"]
[PlyCount "63"]
[EventDate "2019.??.??"]

1. e4 c5 2. Nf3 Nc6 3. c3 d5 4. exd5 Qxd5 5. d4 cxd4 6. cxd4 Qd8 7. d5 Nb8 8.
Nc3 Nf6 9. Qb3 Nbd7 10. Be3 a6 11. Be2 g6 12. O-O Bg7 13. h3 O-O 14. Rfd1 Ne8
15. Ne4 Ndf6 16. Bb6 Qd7 17. Ng3 Nd6 18. Bd3 Kh8 19. Rac1 Nfe8 20. Re1 h5 21.
Ng5 h4 22. Qb4 Bh6 23. Qxh4 Kg7 24. Ne6+ fxe6 25. dxe6 Qxe6 26. Rxe6 Bxe6 27.
Re1 Rf6 28. Bd4 g5 29. Bxf6+ Nxf6 30. Qd4 Bxa2 31. Rxe7+ Nf7 32. Nh5+ 1-0

[Event "OLSW 1819 SK Gau-Algesheim - SK Altenki"]
[Site "?"]
[Date "2019.04.07"]
[Round "9.8"]
[White "Friedrich, Marius"]
[Black "Giesler, Stephan"]
[Result "1-0"]
[WhiteElo "2083"]
[BlackElo "2045"]
[PlyCount "34"]
[EventDate "2019.??.??"]

1. e4 e6 2. d4 d5 3. Nc3 Bb4 4. e5 Ne7 5. a3 Bxc3+ 6. bxc3 c5 7. Qg4 O-O 8. Bd3
c4 9. Be2 f5 10. Qh3 Bd7 11. Nf3 Qa5 12. Bd2 Nbc6 13. Rg1 b5 14. g4 Qa4 15. Bd1
a5 16. Ng5 h6 17. Nf3 Rf7 1-0

[Event "OLSW 1819 SV Worms 1878 - SC Caissa Sch"]
[Site "?"]
[Date "2019.04.07"]
[Round "9.1"]
[White "Frischmann, Rick"]
[Black "Nasshan, Dennis"]
[Result "1-0"]
[WhiteElo "2317"]
[BlackElo "2315"]
[PlyCount "103"]
[EventDate "2019.??.??"]

1. e4 c5 2. Nf3 d6 3. Bb5+ Nd7 4. O-O a6 5. Bd3 Ngf6 6. Re1 e6 7. c3 Be7 8. Bc2
b5 9. d4 Bb7 10. Nbd2 Qc7 11. Nf1 O-O 12. Ng3 Rac8 13. Bd3 Rfe8 14. Bd2 Nb6 15.
b3 c4 16. Bc2 a5 17. Rc1 Nfd7 18. Bb1 Ra8 19. h4 cxb3 20. Qxb3 Qc4 21. Qd1 Qc7
22. Bg5 Nf8 23. Nh2 f6 24. Be3 d5 25. e5 f5 26. Nh5 Bxh4 27. g4 Qf7 28. g5 Nc4
29. Bf4 h6 30. gxh6 g6 31. Nf3 Be7 32. Nf6+ Bxf6 33. exf6 Nh7 34. Kh1 Qxf6 35.
Rg1 Kf7 36. Bg5 Qh8 37. Rg2 Rg8 38. Bd3 Ke8 39. Rh2 Kd7 40. Rb1 Bc6 41. Kg1 Kc8
42. Qe2 Re8 43. a4 Bd7 44. axb5 Nb6 45. Bf4 Kb7 46. Ne5 g5 47. Nf7 Qg8 48. Nd6+
Ka7 49. Be5 Red8 50. Ra1 a4 51. Qb2 Qf8 52. Qb4 1-0

[Event "OLSW 1819 SV Worms 1878 - SC Caissa Sch"]
[Site "?"]
[Date "2019.04.07"]
[Round "9.2"]
[White "Heider, Martin"]
[Black "Wild, Achim"]
[Result "1/2-1/2"]
[WhiteElo "2403"]
[BlackElo "2253"]
[PlyCount "110"]
[EventDate "2019.??.??"]

1. Nf3 Nf6 2. b3 e6 3. Bb2 Be7 4. g3 O-O 5. Bg2 d5 6. O-O c5 7. c4 Nc6 8. e3 b6
9. Nc3 dxc4 10. bxc4 Bb7 11. Qe2 Nb4 12. Ne1 Bxg2 13. Kxg2 Qd7 14. d3 Rfd8 15.
Rd1 a6 16. a3 Qb7+ 17. Kg1 Nc6 18. a4 Rab8 19. g4 Na7 20. g5 Ne8 21. f4 b5 22.
axb5 axb5 23. cxb5 Nxb5 24. Nxb5 Qxb5 25. Be5 Ra8 26. Rf3 Bd6 27. Ba1 Qb3 28.
Rf2 Bf8 29. Qc2 c4 30. Bd4 Ra2 31. Qxb3 cxb3 32. Rb1 Rxf2 33. Kxf2 Rb8 34. Nf3
Nd6 35. Nd2 Nf5 36. Rxb3 Bd6 37. Rxb8+ Bxb8 38. Bc5 h6 39. gxh6 Nxh6 40. h3 f6
41. Kf3 Kf7 42. e4 g5 43. fxg5 fxg5 44. Nc4 Kg6 45. Be7 Bc7 46. d4 Kh5 47. Ne3
Kh4 48. Ng2+ Kh5 49. Ne3 Kh4 50. Ng4 Ng8 51. Bb4 Kxh3 52. Nf2+ Kh4 53. Nd3 Kh3
54. Nf2+ Kh4 55. Nd3 Kh3 1/2-1/2

[Event "OLSW 1819 SV Worms 1878 - SC Caissa Sch"]
[Site "?"]
[Date "2019.04.07"]
[Round "9.3"]
[White "Fries, Frederik"]
[Black "Ollenberger, Roland"]
[Result "1/2-1/2"]
[WhiteElo "2306"]
[BlackElo "2275"]
[PlyCount "88"]
[EventDate "2019.??.??"]

1. Nf3 g6 2. d4 Bg7 3. g3 d6 4. Bg2 Nc6 5. d5 Ne5 6. Nxe5 dxe5 7. O-O Nf6 8. c4
O-O 9. Nc3 Bd7 10. Qb3 Qc8 11. Re1 c6 12. dxc6 Bxc6 13. Nd5 Re8 14. Bg5 h6 15.
Bd2 Kh7 16. Bb4 Ng8 17. Rac1 e6 18. Nc3 Bxg2 19. Kxg2 Qc6+ 20. Kg1 e4 21. Qa4
Qxa4 22. Nxa4 Red8 23. Red1 Nf6 24. Be7 Rxd1+ 25. Rxd1 Re8 26. Bxf6 Bxf6 27.
Nc5 Rc8 28. Nxe4 Bxb2 29. Rd7 Rxc4 30. Rxf7+ Kg8 31. Rxb7 Be5 32. Nd2 Ra4 33.
Nf3 Bf6 34. e4 Rxa2 35. e5 Bg7 36. Nd4 Bxe5 37. Nc6 Bf6 38. Rxa7 Rxa7 39. Nxa7
Kf7 40. Nb5 Ke8 41. Kg2 Kd7 42. Kf3 Kc6 43. Na3 Kd5 44. Nc2 e5 1/2-1/2

[Event "OLSW 1819 SV Worms 1878 - SC Caissa Sch"]
[Site "?"]
[Date "2019.04.07"]
[Round "9.6"]
[White "Martin, Mike"]
[Black "Czybik, Nils Patrick"]
[Result "1/2-1/2"]
[WhiteElo "2173"]
[BlackElo "2165"]
[PlyCount "31"]
[EventDate "2019.??.??"]

1. e4 e5 2. Bc4 Nf6 3. Nc3 Bb4 4. Qf3 c6 5. Nge2 O-O 6. O-O d6 7. d4 Qe7 8.
dxe5 dxe5 9. Bg5 Be6 10. Bxe6 fxe6 11. Qg3 Nbd7 12. f4 exf4 13. Nxf4 e5 14. Nd3
Bxc3 15. bxc3 Qe6 16. Bxf6 1/2-1/2

[Event "OLSW 1819 SV Worms 1878 - SC Caissa Sch"]
[Site "?"]
[Date "2019.04.07"]
[Round "9.8"]
[White "Tchilingiri, Vladimir"]
[Black "Holle, Cedric"]
[Result "0-1"]
[WhiteElo "1988"]
[BlackElo "2098"]
[PlyCount "86"]
[EventDate "2019.??.??"]

1. e4 e5 2. Nf3 Nc6 3. Bc4 Nf6 4. d4 exd4 5. e5 d5 6. Bb5 Ne4 7. Nxd4 Bd7 8.
Bxc6 bxc6 9. O-O Be7 10. f3 Ng5 11. f4 Ne4 12. f5 c5 13. Nb3 Bb5 14. Re1 Bh4
15. g3 Nxg3 16. Nc3 Nxf5 17. Nxb5 Bxe1 18. Qxe1 Rb8 19. Nc3 Rb4 20. Nxc5 Rg4+
21. Kf1 O-O 22. Qf2 g6 23. Bf4 c6 24. Re1 Qe7 25. b4 a5 26. a3 axb4 27. axb4
Ra8 28. N3a4 Rxa4 29. Nxa4 Qxb4 30. Bg3 Qxa4 31. e6 fxe6 32. Rxe6 Qc4+ 33. Kg1
Re4 34. Rf6 Qd4 35. Qxd4 Nxd4 36. c3 Ne2+ 37. Kf2 Nxg3 38. hxg3 Rc4 39. Rf3 Kg7
40. Ke2 Kh6 41. Kd3 Kg5 42. Re3 Kg4 43. Ke2 Re4 0-1